| 000 | 00402nam a2200157 a 4500 | ||
|---|---|---|---|
| 001 | 4747 | ||
| 003 | CDMR | ||
| 005 | 20130320135522.0 | ||
| 008 | 130130s1990||||||||||||||||||||||||||||d | ||
| 040 |
_aCDMR _bcat _cCDMR |
||
| 245 | 0 | _aHeraldo de Aragón | |
| 260 |
_aZaragoza _c1990 _bAsociación de la Prensa de Aragón |
||
| 490 | 0 | _aPrensa Aragonesa | |
| 490 | 0 |
_aColección facsímil _v2 |
|
| 942 |
_cMON _2udc |
||
| 999 |
_c4747 _d4747 |
||